Fiscal policies and the world economy : an intertemporal approach (Record no. 30086)

MARC details
000 -LEADER
fixed length control field 00505nam a2200181Ia 4500
020 ## - INTERNATIONAL STANDARD BOOK NUMBER
ISBN 0262061090
050 ## - CALL MARK
Classification number HJ 141 .F74/
100 ## - STATEMENT OF RESPONSIBILITY--MAIN AUTHOR NAME
Personal name Frenkel, Jacob A.
245 #0 - TITLE STATEMENT
Title Fiscal policies and the world economy : an intertemporal approach
260 ## - PUBLICATION, DISTRIBUTION, ETC. (IMPRINT)
Place of publication Cambridge
260 ## - PUBLICATION, DISTRIBUTION, ETC. (IMPRINT)
Name of publisher MIT Press
260 ## - PUBLICATION, DISTRIBUTION, ETC. (IMPRINT)
Year of publication c1987
300 ## - PHYSICAL DESCRIPTION
Number of Pages 484 p
650 ## - SUBJECT ADDED ENTRY--TOPICAL TERM
Topical Term Fiscal policy. International economic relations. Fiscal policies
942 ## - ADDED ENTRY ELEMENTS (KOHA)
Koha item type Books
Holdings
Withdrawn status Lost status Source of classification or shelving scheme Damaged status Not for loan Permanent Location Current Location Date acquired Accession Number Price effective from Koha item type
    Library of Congress Classification     NILE UNIVERSITY OF NIGERIA - MAIN LIBRARY NILE UNIVERSITY OF NIGERIA - MAIN LIBRARY 04/23/2025 0010406 04/23/2025 Books